[Event "Ille et Vilaine-ch 1112"]
[Site "Ile et Vilaine"]
[Date "2012.01.21"]
[Round "4.12"]
[White "Aubry, Pascal"]
[Black "Barbier, Patrick"]
[Result "1/2-1/2"]
[WhiteElo "1538"]
[BlackElo "1730"]
[PlyCount "73"]
[EventDate "2012.10.??"]
[EventType "swiss"]
[EventRounds "7"]
[EventCountry "FRA"]
[SourceTitle "EXT 2014"]
[Source "ChessBase"]
[SourceDate "2013.11.20"]
[SourceVersion "1"]
[SourceVersionDate "2013.11.20"]
[SourceQuality "1"]

1. e4 c5 2. Nf3 d6 3. Bb5+ Bd7 4. Bxd7+ Nxd7 5. c3 a6 6. d4 cxd4 7. cxd4 e6 8. 0-0 Ngf6 9. e5 dxe5 10. dxe5 Nd5 11. Nbd2 Be7 12. Re1 0-0 13. b3 Rc8 14. Bb2 Bb4 15. Rc1 b5 16. Nd4 Nc5 17. a3 Nd3 18. Rxc8 Qxc8 19. axb4 Nxb2 20. Qg4 Nd3 21. Re4 Re8 22. h4 N5xb4 23. h5 Qc1+ 24. Nf1 Qh6 25. Nf3 Nd5 26. Ng5 f5 27. exf6 Qxf6 28. f3 N3f4 29. g3 Nd3 30. Rxe6 Rxe6 31. Nxe6 N3b4 32. Nd2 h6 33. Ne4 Qa1+ 34. Kh2 Qe5 35. Qg6 Nd3 36. Qe8+ Kh7 37. Qg6+ 1/2-1/2